Little Life - Cordelia - All Lyrics - Statistics

General Stats
  • This quiz has been taken 3 times
  • The average score is 217 of 268
Answer Stats
Answer % Correct
A
100%
a
100%
And
100%
and
100%
But
100%
but
100%
could
100%
don't
100%
for
100%
go
100%
Hey
100%
I
100%
I,
100%
I'd
100%
If
100%
if
100%
in
100%
is
100%
know
100%
life
100%
like?
100%
like
100%
little
100%
me
100%
my
100%
Never
100%
Oh,
100%
oh,
100%
oh
100%
out
100%
over
100%
real
100%
the
100%
they
100%
think
100%
this
100%
This
100%
thought
100%
up
100%
where
100%
yeah,
100%
Yeah,
100%
you
100%
(You
100%
all
67%
as
67%
Being
67%
bit
67%
Eyes,
67%
eyes
67%
fine,
67%
found
67%
get
67%
goes
67%
harder
67%
have
67%
heart
67%
How
67%
It’s
67%
less
67%
look
67%
lost
67%
makes
67%
more,
67%
nothing
67%
said
67%
silly
67%
take
67%
than
67%
that
67%
those
67%
time
67%
what
67%
With
67%
with
67%
anymore
33%
Arms
33%
candles
33%
cause,
33%
Coming
33%
described?
33%
fight
33%
hurts
33%
isn't
33%
knowing
33%
light,
33%
older
33%
quite
33%
short
33%
smiling
33%
stressed
33%
sun
33%
sure
33%
tonight?
33%
volume
33%
words
33%
would
33%
Would
33%
both
0%
both)
0%
chairs
0%
crossing
0%
glow
0%
hands
0%
loud,
0%
Mismatched
0%
same
0%
No matching quizzes found
Score Distribution
Percent of People with Each Score
Percentile by Number Answered
Your Score History
You have not taken this quiz